000 00392cam a22001217a 4500
008 180718b1969 xxu||||| |||| 00| 0 eng d
082 _aC4x54 G129
100 _aGajendragadkar, P.B.
245 _aConstitution of India: its philosophy and basic postulates
_cby P.B. Gajendragadkar
260 _aNairobi
_bOxford University Press
_c1969
300 _a107p.
650 _aConstitutional law - India
999 _c366055
_d366055